000 01265cpcaa2200289 4500
001 mm 82017863
003 DLC
005 20260227111713.0
008 820422|||||||||||| eng
010 _amm 82017863
040 _aDLC
_cDLC
_edacs
_dDLC
072 7 _aL
_2lcmd
100 1 _aDavis, Allan,
_d1885-1929.
245 0 0 _aDramatic scripts of Allan Davis,
_fundated.
300 _a11
_fitems.
300 _a1
_fcontainer.
506 0 _aOpen to research.
520 8 _aEleven typewritten plays by Allan Davis, Anna R. Stratton, and Cornelia E. Vencill, entitled "Daylight Dark," "Gloomy Fanny," "Gipsy Fires," "A House Divided," "The Inward Light," "The Iron Door," "The Promised Land," "On Vengeance Height," "The Quest of Happiness," "Victims," and "Wolves."
545 0 _aPlaywright.
546 _aCollection material in English.
650 0 _aDrama
_vStories, plots, etc.
656 7 _aDramatists.
_2itoamc
700 1 _aStratton, Anna Reese.
_tAnna Reese Stratton papers.
700 1 _aVencill, Cornelia E.
_tCornelia E. Vencill papers.
999 _c43484
_d43484